Click to Translate - German - Statistics

General Stats
  • This quiz has been taken 71,073 times
  • The average score is 14 of 20
Answer Stats
Hint Answer % Correct
Library Bibliothek
92%
King König
84%
Red Rot
84%
Month Monat
82%
Street Straße
82%
Thursday Donnerstag
81%
Country Land
80%
Flower Blume
77%
Railway Eisenbahn
76%
City Stadt
71%
Sea Meer
69%
Mountain Berg
68%
Bridge Brücke
68%
Dark Dunkel
68%
Television Fernseher
67%
Cup Tasse
64%
Sheep Schaf
63%
Leg Bein
56%
Journey Reise
55%
Sky Himmel
54%
No matching quizzes found
Score Distribution
Percent of People with Each Score
Percentile by Number Answered
Your Score History
You have not taken this quiz